| 000 | 00755nam a22001937a 4500 | ||
|---|---|---|---|
| 003 | OSt | ||
| 005 | 20240912154004.0 | ||
| 008 | 240912b ||||| |||| 00| 0 eng d | ||
| 040 | _cAIMIT LIBRARY | ||
| 100 |
_aVishwanath, Shraya. _e2216193 _9179093 |
||
| 245 |
_aStudy on impact of HR training on employee performance at nuclear power corporation of india limited / _cBy Shraya Vishwanath ; Guided by Ravi Kudtarkar. |
||
| 260 |
_aMangalore ; _c2024. |
||
| 650 |
_aIndustry profile company profile and introduction to study _9179094 |
||
| 650 |
_aResearch methodology _9179095 |
||
| 650 |
_aData analysis and interpretation _9179096 |
||
| 700 |
_aKudtarkar, Ravi. _eGuide _9179097 |
||
| 856 | _3Nuclear power corporation of india ltd | ||
| 942 |
_2ddc _cPRO |
||
| 999 |
_c231804 _d231804 |
||